WWE A-Z - Statistics

General Stats
  • This quiz has been taken 18 times
    13 since last reset
  • The average score is 27 of 90
Answer Stats
Hint Answer % Correct
Wwe Allen Jones/ AJ Styles
73%
Colby Lopez/ Seth Rollins
64%
Ettore Ewen/ Big E
64%
Leati Anoa'i/ Roman Reigns
55%
Oscar Gutierrez/ Rey Mysterio
55%
Ashley Fliehr/ Charlotte Flair
45%
Daria Berenato/ Sonya Deville
45%
Demi Bennet/ Rhea Ripley
45%
Dominik Gutierrez/ Dominik Mysterio
45%
Fergal Devitt/ Finn Balor
45%
Gionna Daddio/ Liv Morgan
45%
Kanako Urai/ Asuka
45%
Luis Martinez/ Damian Priest
45%
Mercedes Kaestner-Varnado/ Sasha Banks
45%
Natalie Neidhart-Wilson/ Natalya
45%
Rebecca Quin/ Becky Lynch
45%
Sarona Snuka-Polamalu/ Tamina
45%
Shayna Baszler
45%
Thea Budgen/ Queen Zelina
45%
Zhoa Xia/ Xia Li
45%
Smackdown Adam Copeland/ Edge
36%
Adeel Alam/ Mustafa Ali
36%
Raw and Akira Tozawa
36%
Alexis Cabrera/ Alexa Bliss
36%
Andrew Galloway IV/ Drew Mcintyre
36%
Austin White/ Austin Theory
36%
Bianca Crawford/ Bianca Belair
36%
Brock Lesnar
36%
Charles Betts/ Chad Gable
36%
Cody Runnels Rhodes/ Cody Rhodes
36%
Franklin Lashley/ Bobby Lashley
36%
Jonathan Fatu/ Jimmy Uso
36%
Joshua Fatu/ Jey Uso
36%
Kimberly Benson/ Doudrop
36%
Leah Van Dale/ Carmella
36%
Michael Mizanin/ The Miz
36%
Nicola Glencross/ Nikki A.S.H
36%
Nikola Bogojevic/ Otis
36%
Randal Orton/ Randy Orton
36%
Raymond Rowe Sr./ Erik
36%
Ronnie Killings/ R Truth
36%
Stephen Farrelly/ Sheamus
36%
Trevor Mann/ Ricochet
36%
Walter Hahn/ Gunther
36%
Ashley Sebera/ Dana Brooke
27%
Austin Watson/ King Xavier
27%
Cederick Johnson/ Cedric Alexander
27%
Gary Gordon/ Angelo Dawkins
27%
Humberto Garza Solano/Angel
27%
Kenneth Crawford/ Montez Ford
27%
Kevin Steen/ Kevin Owens
27%
Kofi Sarkodie-Mensah/ Kofi Kingston
27%
Luke Menzies/ Ridge Holland
27%
Macey Estrella-Kadlec/ Lacey Evans
27%
Marcel Barthel/ Ludwig Kaiser
27%
Peter England/ Butch
27%
Shinsuke Nakamura
27%
Todd Smith/ Ivar
27%
Trinity Fatu/ Naomi
27%
Yuvraj Dhesi/ Jinder Mahal
27%
Amanda Saccomanno/ Mandy Rose
18%
Ashley Urbanski/ Shotzi
18%
Eric Bugenhagen/ Rick Boogs
18%
Hassan Hamin Assad/ MVP
18%
Humberto Garza Carrillo/ Humberto
18%
Jeffrey Sciullo/ Elias
18%
Mansoor Al-Shehail/ Mansoor
18%
Nhooph Al-Areebi/ Aliyah
18%
Nicholas Nemeth/ Dolph Ziggler
18%
Rinku Singh/ Veer
18%
Robert Roode Jr./ Robert Roode
18%
Ronda Rousey
18%
Sesugh Uhaa/ Apollo Crews
18%
Shelton Benjamin
18%
Thomas Pestock/ Happy Corbin
18%
Tolulope Omogbehin/ Omos
18%
Tommaso Whitney/ Ciampa
18%
Victoria Gonzalez/ Raquel Rodriguez
18%
Brennan Williams/ Mace
9%
Bronson Rechsteiner/ Bron Breaker
9%
Christopher Dijak/ T-Bar
9%
Drew Gulak
9%
Gurvinder Malhotra/ T-Bar
9%
Jeffrey Sciullo/ Ezekiel
9%
Matthew Riddle/ Riddle
9%
Michael Rallis/ MadCap Moss
9%
Babatunda Alyegbusi/ Commander Azeez
0%
Gable Steveson
0%
Shaun Ricker/ Max Dupri
0%
Sidney Bateman/ Reggie
0%
No matching quizzes found
Score Distribution
Percent of People with Each Score
Percentile by Number Answered
Your Score History
You have not taken this quiz since the last reset